00357nam a2200121Ia 4500008004100000020002200041041000800063082002500071100004300096245005000139260003700189300000900226230411s9999 xx 000 0 und d a978-93-5270-031-8 aeng aPA/612.11/NAY/B08994 aNayak Ramdas Rai Sharada & Gupta Astha aTextbook of Pathology and Genetics for Nurses bJaypee BrothersaNew Delhic2017 a427p